000 01049pam a2200301 a 4500
001 3905448
003 OSt
005 20160610132007.0
008 910416s1991 vaua b 000 0 eng
010 _a 91018470
020 _a0871201828 :
_c$14.95
040 _aDLC
_cDLC
_dDLC
043 _an-us---
050 0 0 _aLB 3051
_b.Ex97 1991
082 0 0 _aGLT 371.260973
_b.Ex7 1991
245 0 0 _aExpanding student assessment /
_cedited by Vito Perrone.
260 _aAlexandria, Va. :
_bAssociation for Supervision and Curriculum Development,
_cc1991.
300 _axi, 167 p. :
_bill. ;
_c23 cm.
504 _aIncludes bibliographical references.
526 _c1210L to 1700L
562 _eFor circulation. 1 copy in the collection.
650 0 _aEducational tests and measurements
_zUnited States.
_922508
700 1 _aPerrone, Vito.
_9639
906 _a7
_bcbc
_corignew
_d1
_eocip
_f19
_gy-gencatlg
942 _2lcc
_cBK
999 _c12556
_d12556